Teología de la caridad / por Antonio Royo Marín, O. P.

محفوظ في:
التفاصيل البيبلوغرافية
المؤلف الرئيسي: Royo Marín, Antonio (autor)
التنسيق: كتاب
الطبعة:2a ed.
سلاسل:BAC ; 192
الموضوعات:
الوسوم: إضافة وسم
لا توجد وسوم, كن أول من يضع وسما على هذه التسجيلة!

MARC

LEADER 00000nam^a2200000^u^4500
001 000541894
005 20250521000000.0
008 060220s1000^^^^^^^^^^^^r^^^^^000^0^spa^d
009 20260310131233.789
035 |a FMI 000010356 
037 |a Acervo Xavier Clavigero 
096 |a 2.1/124/B 
100 |a Royo Marín, Antonio  |e (autor) 
245 1 0 |a Teología de la caridad / por Antonio Royo Marín, O. P. 
250 |a 2a ed. 
264 |a Madrid : BAC, 1963 
300 |a xii, 686 p. 
336 |a texto  |b txt  |2 rdacontenido 
337 |a sin mediación  |b n  |2 rdamedio 
338 |a volumen  |b nc  |2 rdasoporte 
440 0 |a BAC ; 192 
649 |a XX 
650 |a Teología 
910 |a Fondo Francisco Migoya Covarrubias S.J. 
920 |a Impresos - Libros 
930 |a Fondos Especiales 
905 |a 134 
901 |a SBC00138  |b IT2  |c ESP  |u 20250521 
902 |a https://opac.biblio.iteso.mx/vufind/Record/000541894